Países por PBI(PIB) per cápita - Estadísticas

Estadísticas generales
  • Esta prueba ha sido intentada 301 veces
    300 desde el último reinicio
  • La puntuación promedio es 17 de 23
Estadísticas de respuestas
PIB P/C (k) País % Correcto
56,4 Estados Unidos
94%
67,4 Noruega
87%
47,2 Suecia
86%
93,2 Luxemburgo
85%
45,7 Canadá
83%
78,7 Mónaco
83%
58,7 Suiza
82%
46,9 Alemania
81%
143,5 Catar
79%
85,2 Singapur
78%
47,6 Australia
77%
45,5 Dinamarca
75%
60,9 San Marino
72%
51,1 Irlanda
70%
45,3 Islandia
70%
48,3 Países Bajos
70%
89,4 Liechtenstein
67%
47,1 Austria
65%
70,7 Kuwait
62%
53,1 Arabia Saudita
60%
65,1 Emiratos Árabes Unidos
58%
47,9 Taiwán
53%
72,4 Brunéi
47%
No se encontraron pruebas coincidentes
Distribución de puntuación
Porcentaje de gente con cada puntuación
Porcentaje por número respondido
Historial de tus puntuaciones
No has intentado esta prueba desde el último reinicio